Белоусов Андрей Владимирович (Запись № 13556514)

Подробности
000 -МАРКЕР
контрольное поле 02636nam0a2200385 4500
001 - ИДЕНТИФИКАТОР ЗАПИСИ
контрольное поле RU\NLR\BIBL_A\022716621
005 - ИДЕНТИФИКАТОР ВЕРСИИ
контрольное поле 20260305164723.0
010 ## - МЕЖДУНАРОДНЫЙ СТАНДАРТНЫЙ НОМЕР КНИГИ (ISBN)
Номер (ISBN) 978-5-907961-61-6
Тираж 30
021 ## - НОМЕР ГОСУДАРСТВЕННОЙ РЕГИСТРАЦИИ
Код страны Российская Федерация
Номер КН-П-25-076703
Номер Листа государственной регистраци КН-П-25-7430
035 ## - ДРУГИЕ СИСТЕМНЫЕ НОМЕРА
Идентификатор записи (NLR Aleph) 022716621
100 ## - ДАННЫЕ ОБЩЕЙ ОБРАБОТКИ
Данные общей обработки 20260203d2025 u y0rusy50 ca
101 0# - ЯЗЫК РЕСУРСА
Язык текста, звукозаписи и т.д. русский
102 ## - СТРАНА ПУБЛИКАЦИИ ИЛИ ПРОИЗВОДСТВА
Страна публикации Российская Федерация
105 ## - ПОЛЕ КОДИРОВАННЫХ ДАННЫХ: ТЕКСТОВЫЕ МАТЕРИАЛЫ, МОНОГРАФИЧЕСКИЕ
Кодированные данные о монографическом текстовом документе ac ac 011yy
181 #0 - ПОЛЕ КОДИРОВАННЫХ ДАННЫХ: ВИД СОДЕРЖАНИЯ
Код вида содержания (ISBD) i
Код характеристики содержания (ISBD) axxe
182 #0 - ПОЛЕ КОДИРОВАННЫХ ДАННЫХ: ТИП СРЕДСТВА
Код типа средства (ISBD) n - непосредственное
200 1# - ЗАГЛАВИЕ И СВЕДЕНИЯ ОБ ОТВЕТСТВЕННОСТИ
Основное заглавие Белоусов Андрей Владимирович
Сведения, относящиеся к заглавию биобиблиографический указатель
Первые сведения об ответственности Министерство просвещения Российской Федерации, Федеральное государственное бюджетное образовательное учреждение высшего образования "Воронежский государственный педагогический университет", Фундаментальная библиотека
Последующие сведения об ответственности составитель: Н. В. Бакулина
-- научный редактор: профессор С. В. Корнев
203 ## - ВИД СОДЕРЖАНИЯ И ТИП СРЕДСТВА
Вид содержания Текст
Дополнительные сведения об издании визуальный
Тип средства непосредственный
210 ## - ПУБЛИКАЦИЯ, РАСПРОСТРАНЕНИЕ И ДР.
Место издания, распространения и т.д. Воронеж
Имя издателя, распространителя и т. д. Воронежский государственный педагогический университет
Дата издания, распространения и т.д. 2025
215 ## - ФИЗИЧЕСКАЯ ХАРАКТЕРИСТИКА
Специфическое обозначение материала и объем 52 с., [8] л. цв. ил., портр.
Другие сведения о физической характеристике портр.
Размеры 21
225 1# - СЕРИЯ
Основное заглавие серии Серия "Ученые Воронежского государственного педагогического университета"
300 ## - ОБЩИЕ ПРИМЕЧАНИЯ
Текст примечания На 5-й с.: К юбилею д-ра экон. наук, проф. А. В. Белоусова
300 ## - ОБЩИЕ ПРИМЕЧАНИЯ
Текст примечания Вспом. указатели: с. 48–51
600 #1 - ИМЯ ЛИЦА КАК ПРЕДМЕТ
Начальный элемент ввода Белоусов
Часть имени, кроме начального элемента ввода А. В.
Даты 1965
Расширение инициалов личного имени Андрей Владимирович
Формальный подзаголовок Биобиблиография
Системный номер авторитетной/нормативной записи 2699782
Идентификатор авторитетной/нормативной записи RU\NLR\AUTH\6601767238
686 1# - ИНДЕКСЫ ДРУГИХ КЛАССИФИКАЦИЙ
Индекс У.д(2Р)я1
702 #1 - ИМЯ ЛИЦА - ВТОРИЧНАЯ ОТВЕТСТВЕННОСТЬ
Начальный элемент ввода Бакулина
Часть имени, кроме начального элемента ввода Н. В.
Расширение инициалов личного имени Наталия Владимировна
Код отношения Составитель
702 #1 - ИМЯ ЛИЦА - ВТОРИЧНАЯ ОТВЕТСТВЕННОСТЬ
Код отношения Редактор
Начальный элемент ввода Корнев
Часть имени, кроме начального элемента ввода С. В.
Дополнения к именам, кроме дат д-р физ.-мат. наук
Даты 1978-
Расширение инициалов личного имени Сергей Викторович
Системный номер авторитетной/нормативной записи 129602
Идентификатор авторитетной/нормативной записи RU\NLR\AUTH\770129633
702 #1 - ИМЯ ЛИЦА - ВТОРИЧНАЯ ОТВЕТСТВЕННОСТЬ
Начальный элемент ввода Белоусов
Часть имени, кроме начального элемента ввода А. В.
Даты 1965-
Расширение инициалов личного имени Андрей Владимирович
Код отношения Объект посвящения
712 02 - НАИМЕНОВАНИЕ ОРГАНИЗАЦИИ - ВТОРИЧНАЯ ОТВЕТСТВЕННОСТЬ
Код отношения Издающая организация
Начальный элемент ввода Воронежский государственный педагогический университет
Структурное подразделение Фундаментальная библиотека
Системный номер авторитетной/нормативной записи 753803
Идентификатор авторитетной/нормативной записи RU\NLR\AUTH\8810128383
942 ## - ДОПОЛНИТЕЛЬНЫЕ ЭЛЕМЕНТЫ ЗАПИСИ (АБИС)
Тип экземпляра АБИС Книга
980 ## - КОЛЛЕКЦИЯ
Название коллекции Национальная библиография

Нет доступных экземпляров.